On quality in art ; criteria of excellence, past and present.

Bibliographic Details
Main Author: Rosenberg, Jakob, 1893-1980
Format: Book
Language:English
Published: [Princeton, N.J.] : Princeton University Press, [1967]
Series:Bollingen series ; 35.
A.W. Mellon lectures in the fine arts ; 13.
Subjects:

MARC

Tag First Indicator Second Indicator Subfields
LEADER 00000cam a22000001 4500
001 in00000200113
005 20151009052642.0
008 740606s1967 njua b 00000 eng
010 |a  67022342  
035 |a (OCoLC)00517408 
035 |9 AAW1493AM 
040 |a DLC  |c DLC  |d TXA  |d UtOrBLW 
049 |a TXAM  |c [475331] 
050 0 0 |a NC715  |b .R7 
082 0 |a 710.18 
100 1 |a Rosenberg, Jakob,  |d 1893-1980. 
245 1 0 |a On quality in art ;  |b criteria of excellence, past and present. 
264 1 |a [Princeton, N.J.] :  |b Princeton University Press,  |c [1967] 
300 |a xxiv, 264 pages :  |b 168 illustrations (part color) ;  |c 27 cm. 
336 |a text  |b txt  |2 rdacontent 
337 |a unmediated  |b n  |2 rdamedia 
338 |a volume  |b nc  |2 rdacarrier 
490 1 |a The A. W. Mellon lectures in the fine arts,  |v 13 
490 1 |a Bollingen series, 35 
504 |a Bibliographical references included in "Notes" (pages 235-238). 
650 0 |a Art criticism. 
650 0 |a Drawing. 
830 0 |a Bollingen series ;  |v 35. 
830 0 |a A.W. Mellon lectures in the fine arts ;  |v 13. 
999 |a MARS 
999 f f |s 091340aa-e9e1-3b93-82d5-71187c16f3ee  |i 1f9c3dd4-783e-3658-8460-67c76497fe60  |t 0 
952 f f |p ric  |a Texas A&M University  |b Rellis Campus  |c Joint Library Facility  |d Remote Storage  |t 0  |e NC715 .R7  |h Library of Congress classification  |i unmediated -- volume  |m A14803462258 
998 f f |a NC715 .R7  |t 0  |l Remote Storage